Thomas Church Landscape Architect : Designing A Modern California Landscape (Record no. 15229)
[ view plain ]
| 000 -LEADER | |
|---|---|
| fixed length control field | 00466nam a2200157Ia 4500 |
| 008 - FIXED-LENGTH DATA ELEMENTS--GENERAL INFORMATION | |
| fixed length control field | 220803s9999 xx 000 0 und d |
| 020 ## - INTERNATIONAL STANDARD BOOK NUMBER | |
| International Standard Book Number | 0-9709731-5-2 |
| 041 ## - LANGUAGE CODE | |
| Language code of text/sound track or separate title | eng |
| 082 ## - DEWEY DECIMAL CLASSIFICATION NUMBER | |
| Classification number | 712.36 TRI |
| 100 ## - MAIN ENTRY--PERSONAL NAME | |
| Personal name | Trieb M Ed. |
| 9 (RLIN) | 23987 |
| 245 ## - TITLE STATEMENT | |
| Title | Thomas Church Landscape Architect : Designing A Modern California Landscape |
| 260 ## - PUBLICATION, DISTRIBUTION, ETC. (IMPRINT) | |
| Place of publication, distribution, etc. | San Francisco |
| Name of publisher, distributor, etc. | William Stout Publisher |
| Date of publication, distribution, etc. | 2003 |
| 300 ## - PHYSICAL DESCRIPTION | |
| Extent | 283p |
| 500 ## - GENERAL NOTE | |
| Keywords | Landscape |
| 650 ## - SUBJECT ADDED ENTRY--TOPICAL TERM | |
| Topical term or geographic name as entry element | Landscape Architecture |
| 9 (RLIN) | 23988 |
| Withdrawn status | Lost status | Damaged status | Not for loan | Collection code | Home library | Current library | Shelving location | Date acquired | Vendor | Cost, normal purchase price | Full call number | Barcode | Date last seen | Cost, replacement price | Bill Date | Koha item type | Original Barcode |
|---|---|---|---|---|---|---|---|---|---|---|---|---|---|---|---|---|---|
| Reference | Book of B Arch | Dr. Bhanuben Nanavati College of Architecture | Dr. Bhanuben Nanavati College of Architecture | 07/08/2013 | Word Book Shop | 3459.37 | 712.36 TRI | BNCA-BK-8463 | 03/08/2022 | 75.00 | 23/07/2013 | Reference book | B008463 |